01856nam a2200361 a 450000100100000000500170001000800410002702000240006802000250009204000250011708200110014210000290015324501690018225000120035126000400036330000330040349000260043650000650046250501660052759000260069370000240071970000340074370000330077771000570081083000330086720200250090095201080092595201140103395201080114795201080125595201140136399900170147700004720420201002053438.0180417s2017 dr abc 000 0 spa d a9789945195378 (v.1) a9789945194890 (v. 2) aDO-SdBNPbspacBNPHU axxbxx1 aCapellán, Fanny92925010aCiencias sociales 4 :beducación primaria /ctexto Fanny Capellán, Eris Castro ; ilustración Ruddy Núñez... [et.al]; dirección editorial Claudia Llibre. a2a. ed. aSanto Domingo :bSantillana,c2017. av. :bil. ;c29 cm.+eCD-ROM1 aProyecto todos juntos aActualización según el nuevo diseño curricular oficial0 av.1 :tLibro de textogv. 2 :tGuía de recursos didácticos : segundo ciclo educación primariagv. :tCuaderno de fichas de actividades educación primaria aInventariado, 2018/VM1 aCastro, Eric9647371 aNúñez, Ruddyeils.9231711 aLlibre, Claudiaedir.9304622 aEditorial Santillana (República Dominicana)97490200aProyecto todos juntos930856 a9789945192827 (v. 3) 0010718PDaPDbPDcHDd2018-04-24iLF1l0ov. 1p47204-10r2020-06-25w2020-06-25yLFPDZNo se presta 0010718PDaPDbPDcHDd2018-04-24iLF1l0ov. 1, e. 2p47204-20r2020-06-25w2020-06-25yLFPDZNo se presta 0010718PDaPDbPDcHDd2018-11-28iLF1l0ov. 2p47204-40r2020-06-25w2020-06-25yLFPDZNo se presta 0010718PDaPDbPDcHDd2018-11-28iLF1l0ov. 3p47204-50r2020-06-25w2020-06-25yLFPDZNo se presta 0010718PDaPDbPDcHDd2018-11-28iLF1l0ov. 3, e. 2p47204-60r2020-06-25w2020-06-25yLFPDZNo se presta c46692d46692